Manual para la instalación del pequeño matadero modular de la FAO / (Record no. 173454)
[ view plain ]
| 000 -CABECERA | |
|---|---|
| campo de control de longitud fija | 00947nam a2200301Ia 4500 |
| 001 - NÚMERO DE CONTROL | |
| campo de control | dia_2951 |
| 003 - IDENTIFICADOR DEL NÚMERO DE CONTROL | |
| campo de control | CHAP |
| 005 - FECHA Y HORA DE LA ÚLTIMA TRANSACCIÓN | |
| campo de control | 20230328085733.0 |
| 008 - DATOS DE LONGITUD FIJA--INFORMACIÓN GENERAL | |
| campo de control de longitud fija | 220117s1994 xx 000 0 und d |
| 010 ## - NÚMERO DE CONTROL DE LA BIBLIOTECA DEL CONGRESO | |
| Número de control de LC | 173454 |
| 020 ## - NÚMERO INTERNACIONAL ESTÁNDAR DEL LIBRO | |
| Número Internacional Estándar del Libro | 92-5-303302-9 |
| 040 ## - FUENTE DE LA CATALOGACIÓN | |
| Centro/agencia transcriptor | CHAP |
| 082 ## - NÚMERO DE LA CLASIFICACIÓN DECIMAL DEWEY | |
| Número de clasificación | 664.9029 Q56 1994 |
| 100 ## - ENTRADA PRINCIPAL--NOMBRE DE PERSONA | |
| Nombre de persona | Quiroga Tapias, G. |
| 9 (RLIN) | 93502 |
| 245 ## - MENCIÓN DE TÍTULO | |
| Título | Manual para la instalación del pequeño matadero modular de la FAO / |
| Mención de responsabilidad, etc. | G. Quiroga Tapias y J. L. García de Siles |
| 260 ## - PUBLICACIÓN, DISTRIBUCIÓN, ETC. | |
| Lugar de publicación, distribución, etc. | Italia : |
| Nombre del editor, distribuidor, etc. | FAO, |
| Fecha de publicación, distribución, etc. | 1994 |
| 300 ## - DESCRIPCIÓN FÍSICA | |
| Extensión | 250 p. |
| 410 ## - MENCIÓN DE SERIE/PUNTO DE ACCESO ADICIONAL--ENTIDAD CORPORATIVA [OBSOLETO, CAN/MARC], [LOCAL, USA] | |
| Nombre de entidad corporativa o nombre de jurisdicción como elemento de entrada | PRODUCCION Y SANIDAD ANIMAL, 120 |
| 440 ## - MENCIÓN DE SERIE/PUNTO DE ACCESO ADICIONAL--TÍTULO | |
| Título | Estudio FAO producción y sanidad animal ; 120 |
| 9 (RLIN) | 153811 |
| 503 ## - NOTA DE HISTORIA BIBLIOGRÁFICA (BK CF MU) [OBSOLETO] | |
| Nota de historia bibliográfica | C/e |
| 590 ## - NOTA LOCAL (RLIN) | |
| Nota local | TS1960 Q56 1994 |
| 650 ## - PUNTO DE ACCESO ADICIONAL DE MATERIA--TÉRMINO DE MATERIA | |
| Término de materia o nombre geográfico como elemento de entrada | Mataderos |
| Subdivisión general | Manuales |
| 9 (RLIN) | 153812 |
| 700 ## - PUNTO DE ACCESO ADICIONAL--NOMBRE DE PERSONA | |
| Nombre de persona | García de Siles, J. L., coaut. |
| 9 (RLIN) | 153813 |
| 901 ## - ELEMENTOS DE DATOS A LOCAL LDA (RLIN) | |
| a | 664.9029 Q56 1994 |
| 902 ## - ELEMENTOS DE DATOS B LOCAL, LDB (RLIN) | |
| a | M |
| 905 ## - ELEMENTOS DE DATOS E LOCAL, LDE (RLIN) | |
| a | 5232271994 it nad 8226123322spa15 |
| 942 ## - ELEMENTOS DE PUNTO DE ACCESO ADICIONAL (KOHA) | |
| Tipo de ítem Koha | Libro |
| Fuente del sistema de clasificación o colocación | Dewey Decimal Classification |
| Estado de retiro | Estado de pérdida | Fuente del sistema de clasificación o colocación | Estado dañado | Restricciones de uso | No para préstamo | Código de colección | Localización permanente | Ubicación/localización actual | Fecha de adquisición | Fuente de adquisición | Coste, precio normal de compra | Número de inventario | Total de préstamos | Signatura topográfica completa | Código de barras | Fecha visto por última vez | Fecha del último préstamo | Número de copia | Tipo de ítem Koha |
|---|---|---|---|---|---|---|---|---|---|---|---|---|---|---|---|---|---|---|---|
| Dewey Decimal Classification | Préstamo interno | General | Ingenieria Agroindustrial | Ingenieria Agroindustrial | 24/03/1995 | Compra Librería Patena F. 851 / R. (24/03/1995) | 79.00 | C/e | 1 | 664.9029 Q56 1994 | dia_004615 | 12/05/2023 | 12/05/2023 | 1 | Libro |
